000 00536nam a2200193 i 4500
001 bg
100 1 _aBRAMANN, Karl
245 4 _aDer Verkehrsingenieur im Stadt- und Landstrassenbau /
_cK. Bramann.
260 _aDüsseldorf,
_c1967.
490 1 _aBautechnische Tabellensammlung ;
_vBd.5
700 1 _aMETSCHIES, Gerhard
700 1 _aBerger, Karl Reinhard
830 _aBautechnische Tabellensammlung ;
040 _cBPK
041 _apol
080 _a656.1:711.4
942 _cKS
008 s pl f |000 0 pol
999 _c11727
_d11727
856 _uhttp://koha.tu.koszalin.pl/cgi-bin/koha/opac-detail.pl?biblionumber=11727
_yKatalog online BPK